French Royal Claimants - Statistics

General Stats
  • This quiz has been taken 194 times
  • The average score is 23 of 31
Answer Stats
Hint Answer % Correct
1844-1846 Louis I
98%
1836-1844 Louis XIX
98%
1792-1793 Louis XVI
98%
1793-1795 Louis XVII
98%
1795-1814; 1815 Louis XVIII
98%
1989- Louis XX
98%
1814-1815; 1815-1821 Napoleon I
94%
1821-1832 Napoleon II
94%
1846-1852; 1870-1873 Napoleon III
94%
1873-1879 Napoleon IV
94%
1879-1926 Napoleon V
94%
1926-1997 Napoleon VI
94%
1997- Napoleon VII
94%
1830-1836 Charles X
79%
1887-1909 Charles XI
79%
1931-1936 Charles XII
79%
1873-1883 Henri V
77%
1940-1999 Henri VI
77%
1999-2019 Henri VII
77%
1941-1975 Henri VI/Jacques II
77%
1883-1887 Jean III
67%
1926-1940 Jean III
67%
2019- Jean IV
67%
1844-1883 Henri V
63%
1848-1873; 1883-1894 Louis-Philippe II/Philippe VII
57%
1894-1926 Philippe VIII
47%
1909-1931 Jacques I
39%
1848 Louis-Philippe I
28%
1832-1844 Joseph I
23%
1936-1941 Alphonse I
11%
1975-1989 Alphonse II
11%
No matching quizzes found
Score Distribution
Percent of People with Each Score
Percentile by Number Answered
Your Score History
You have not taken this quiz